Life: Intermediate. Student's Book
Guardat en:
| Autors principals: | , , |
|---|---|
| Format: | Llibre |
| Idioma: | anglès |
| Publicat: |
Hampshire
National Geographic Learning
2013
Hampshire Cengage Learning 2013 |
| Edició: | 1a. ed |
| Col·lecció: | B1
|
| Matèries: | |
| Etiquetes: |
Afegir etiqueta
Sense etiquetes, Sigues el primer a etiquetar aquest registre!
|
MARC
| LEADER | 00000cam a2200000 a 4500 | ||
|---|---|---|---|
| 001 | UCE7559 | ||
| 003 | CL-VaPUC | ||
| 008 | 150626e20130000uk |||||||||||||||||eng|d | ||
| 020 | |a 9781133315711 | ||
| 082 | 0 | 4 | |a 428 |b STE |2 21 |
| 100 | 0 | |a Stephenson, Helen |e author |9 580215 | |
| 700 | 0 | |a Dummett, Paul |e author |9 580216 | |
| 700 | |a Hughes, John |e author |9 591967 | ||
| 245 | 1 | 0 | |a Life: Intermediate. Student's Book |
| 250 | |a 1a. ed | ||
| 300 | |a 182 p | ||
| 942 | |c BK | ||
| 945 | |d 20150626 15:30:00 |a dcastane | ||
| 260 | |a Hampshire |b National Geographic Learning |c 2013 | ||
| 260 | |a Hampshire |b Cengage Learning |c 2013 | ||
| 500 | |a Incluye DVD | ||
| 650 | 0 | |a Educación lingüística |9 306506 | |
| 650 | 0 | |a Métodos de enseñanza |9 270413 | |
| 650 | 0 | |a Enseñanza del inglés |9 367340 | |
| 650 | 0 | |a Lengua inglesa |9 318842 | |
| 650 | 0 | |a Libros de texto |9 270019 | |
| 583 | |a last modification |c 20150626 15:30:00 |k Rodrigo Vera | ||
| 490 | 0 | |a B1 | |
| 999 | |c 359616 |d 359614 | ||
| 952 | |0 0 |1 0 |3 erb |4 0 |6 428_000000000000000_STE_2013_2013 |7 0 |8 ? |9 468896 |a FDOILP |b FDOILP |i 5166721 |o 428 STE 2013 2013 |p 5166721 |r 2019-11-23 |w 2019-11-23 |y BK |z Catalogado en:20150626 |k ILP | ||
| 952 | |0 0 |1 0 |3 erb |4 0 |6 428_000000000000000_STE_2013_2013 |7 0 |8 ? |9 468897 |a FDOILP |b FDOILP |i 516673K |o 428 STE 2013 2013 |p 516673K |r 2019-11-23 |w 2019-11-23 |y BK |z Catalogado en:20150626 |k ILP | ||
| 952 | |0 0 |1 0 |3 erb |4 0 |6 428_000000000000000_STE_2013_2013 |7 0 |8 ? |9 468898 |a FDOILP |b FDOILP |i 5166748 |o 428 STE 2013 2013 |p 5166748 |r 2019-11-23 |w 2019-11-23 |y BK |z Catalogado en:20150626 |k ILP | ||
| 952 | |0 0 |1 0 |3 erb |4 0 |6 428_000000000000000_STE_2013_2013 |7 0 |8 ? |9 468899 |a FDOILP |b FDOILP |i 5166756 |o 428 STE 2013 2013 |p 5166756 |r 2019-11-23 |w 2019-11-23 |y BK |z Catalogado en:20150626 |k ILP | ||
| 952 | |0 0 |1 0 |3 erb |4 0 |6 428_000000000000000_STE_2013_2013 |7 0 |8 ? |9 468900 |a FDOILP |b FDOILP |i 5166764 |o 428 STE 2013 2013 |p 5166764 |r 2019-11-23 |w 2019-11-23 |y BK |z Catalogado en:20150626 |k ILP | ||
| 952 | |0 0 |1 0 |3 erb |4 0 |6 428_000000000000000_STE_2013_2013 |7 0 |8 ? |9 468901 |a FDOILP |b FDOILP |i 5166772 |o 428 STE 2013 2013 |p 5166772 |r 2019-11-23 |w 2019-11-23 |y BK |z Catalogado en:20150626 |k ILP | ||
| 952 | |0 0 |1 0 |2 ddc |3 erb |4 0 |6 428_000000000000000_STE_2013_2013 |7 0 |8 A |9 468902 |a BIBING |b BIBING |c RES |i 5167477 |o 428 STE 2013 2013 |p 5167477 |r 2025-01-20 |w 2019-11-23 |y BK |z Catalogado en:20150626 |k ILI | ||
| 952 | |0 0 |1 0 |2 ddc |3 erb |4 0 |6 428_000000000000000_STE_2013_2013 |7 0 |8 A |9 468903 |a BIBING |b BIBING |c RES |i 5167469 |o 428 STE 2013 2013 |p 5167469 |r 2025-01-20 |w 2019-11-23 |y BK |z Catalogado en:20150626 |k ILI | ||
| 952 | |0 0 |1 0 |2 ddc |3 erb |4 0 |6 428_000000000000000_STE_2013_2013 |7 0 |8 A |9 468904 |a BIBING |b BIBING |c RES |i 5167450 |o 428 STE 2013 2013 |p 5167450 |r 2025-01-20 |w 2019-11-23 |y BK |z Catalogado en:20150626 |k ILI | ||
| 952 | |0 0 |1 0 |2 ddc |3 erb |4 0 |6 428_000000000000000_STE_2013_2013 |7 0 |8 A |9 468905 |a BIBING |b BIBING |c RES |i 5167442 |o 428 STE 2013 2013 |p 5167442 |r 2025-01-20 |w 2019-11-23 |y BK |z Catalogado en:20150626 |k ILI | ||
| 952 | |0 0 |1 0 |2 ddc |3 erb |4 0 |6 428_000000000000000_STE_2013_2013 |7 0 |8 A |9 468906 |a BIBING |b BIBING |c RES |i 5167434 |o 428 STE 2013 2013 |p 5167434 |r 2025-01-20 |w 2019-11-23 |y BK |z Catalogado en:20150626 |k ILI | ||
| 952 | |0 0 |1 0 |2 ddc |3 erb |4 0 |6 428_000000000000000_STE_2013_2013 |7 0 |8 A |9 468907 |a BIBING |b BIBING |c RES |i 5167426 |o 428 STE 2013 2013 |p 5167426 |r 2025-01-20 |w 2019-11-23 |y BK |z Catalogado en:20150626 |k ILI | ||
| 952 | |0 0 |1 0 |2 ddc |3 erb |4 0 |6 428_000000000000000_STE_2013_2013 |7 0 |8 A |9 468908 |a BIBING |b BIBING |c RES |i 5167418 |o 428 STE 2013 2013 |p 5167418 |r 2025-01-20 |w 2019-11-23 |y BK |z Catalogado en:20150626 |k ILI | ||
| 952 | |0 0 |1 2 |3 erb |4 0 |6 428_000000000000000_STE_2013_2013 |7 0 |8 R |9 468909 |a BIBING |b BIBING |i 516740K |o 428 STE 2013 2013 |p 516740K |r 2019-11-23 |w 2019-11-23 |y BK_R |z Catalogado en:20150626 |k ILI | ||
| 952 | |0 0 |1 0 |3 erb |4 0 |6 428_000000000000000_STE_2013_2013 |7 0 |8 A |9 468910 |a BIBCUR |b BIBCUR |i 5167876 |o 428 STE 2013 2013 |p 5167876 |r 2025-04-22 |w 2019-11-23 |y BK |z Catalogado en:20150626 |k ILC | ||
| 952 | |0 0 |1 0 |3 erb |4 0 |6 428_000000000000000_STE_2013_2013 |7 0 |8 A |9 468911 |a BIBCUR |b BIBCUR |i 5167868 |l 1 |o 428 STE 2013 2013 |p 5167868 |r 2025-04-22 |s 2023-10-17 |w 2019-11-23 |y BK |z Catalogado en:20150626 |k ILC | ||
| 952 | |0 0 |1 0 |3 erb |4 0 |6 428_000000000000000_STE_2013_2013 |7 0 |8 A |9 468912 |a BIBCUR |b BIBCUR |i 516785K |o 428 STE 2013 2013 |p 516785K |r 2025-04-22 |w 2019-11-23 |y BK |z Catalogado en:20150626 |k ILC | ||
| 952 | |0 0 |1 0 |3 erb |4 0 |6 428_000000000000000_STE_2013_2013 |7 0 |8 A |9 468913 |a BIBCUR |b BIBCUR |i 5167841 |o 428 STE 2013 2013 |p 5167841 |r 2025-04-22 |w 2019-11-23 |y BK |z Catalogado en:20150626 |k ILC | ||
| 952 | |0 0 |1 0 |3 erb |4 0 |6 428_000000000000000_STE_2013_2013 |7 0 |8 A |9 468914 |a BIBCUR |b BIBCUR |i 5167833 |o 428 STE 2013 2013 |p 5167833 |r 2025-04-22 |w 2019-11-23 |y BK |z Catalogado en:20150626 |k ILC | ||
| 952 | |0 0 |1 0 |3 erb |4 0 |6 428_000000000000000_STE_2013_2013 |7 0 |8 A |9 468915 |a BIBCUR |b BIBCUR |i 5167825 |l 1 |o 428 STE 2013 2013 |p 5167825 |r 2025-04-22 |s 2025-04-02 |w 2019-11-23 |y BK |z Catalogado en:20150626 |k ILC | ||
| 952 | |0 0 |1 0 |3 erb |4 0 |6 428_000000000000000_STE_2013_2013 |7 0 |8 A |9 468916 |a BIBCUR |b BIBCUR |i 5167817 |o 428 STE 2013 2013 |p 5167817 |r 2025-04-22 |w 2019-11-23 |y BK |z Catalogado en:20150626 |k ILC | ||
| 952 | |0 0 |1 0 |3 erb |4 0 |6 428_000000000000000_STE_2013_2013 |7 0 |8 A |9 468917 |a BIBCUR |b BIBCUR |i 5167809 |l 5 |o 428 STE 2013 2013 |p 5167809 |r 2025-04-22 |s 2024-11-26 |w 2019-11-23 |y BK |z Catalogado en:20150626 |k ILC | ||
| 952 | |0 0 |1 0 |2 ddc |3 erb |4 0 |6 428_000000000000000_STE_2013_2013 |7 0 |8 A |9 468918 |a BIBENE |b BIBENE |i 5168376 |o 428 STE 2013 2013 |p 5168376 |r 2025-01-15 |w 2019-11-23 |y BK |z Catalogado en:20150626 |k ILG | ||
| 952 | |0 0 |1 0 |2 ddc |3 erb |4 0 |6 428_000000000000000_STE_2013_2013 |7 0 |8 A |9 468919 |a BIBENE |b BIBENE |i 5168368 |o 428 STE 2013 2013 |p 5168368 |r 2025-01-15 |w 2019-11-23 |y BK |z Catalogado en:20150626 |k ILG | ||
| 952 | |0 0 |1 0 |2 ddc |3 erb |4 0 |6 428_000000000000000_STE_2013_2013 |7 0 |8 A |9 468920 |a BIBENE |b BIBENE |i 516835K |o 428 STE 2013 2013 |p 516835K |r 2025-01-15 |w 2019-11-23 |y BK |z Catalogado en:20150626 |k ILG | ||
| 952 | |0 0 |1 0 |2 ddc |3 erb |4 0 |6 428_000000000000000_STE_2013_2013 |7 0 |8 A |9 468921 |a BIBENE |b BIBENE |i 5168341 |o 428 STE 2013 2013 |p 5168341 |r 2025-01-15 |w 2019-11-23 |y BK |z Catalogado en:20150626 |k ILG | ||
| 952 | |0 0 |1 0 |3 erb |4 0 |6 428_000000000000000_STE_2013_2013 |7 0 |8 A |9 468922 |a BIBGIM |b BIBGIM |i 5168333 |o 428 STE 2013 2013 |p 5168333 |r 2025-01-15 |w 2019-11-23 |y BK |z Catalogado en:20150626 |k ILG | ||
| 952 | |0 0 |1 0 |2 ddc |3 erb |4 0 |6 428_000000000000000_STE_2013_2013 |7 0 |8 A |9 468923 |a BIBENE |b BIBENE |i 5168325 |l 1 |o 428 STE 2013 2013 |p 5168325 |r 2025-01-15 |s 2022-03-22 |w 2019-11-23 |y BK |z Catalogado en:20150626 |k ILG | ||
| 952 | |0 0 |1 0 |2 ddc |3 erb |4 0 |6 428_000000000000000_STE_2013_2013 |7 0 |8 A |9 468924 |a BIBENE |b BIBENE |i 5168317 |o 428 STE 2013 2013 |p 5168317 |r 2025-01-15 |w 2019-11-23 |y BK |z Catalogado en:20150626 |k ILG | ||
| 952 | |0 0 |1 0 |2 ddc |3 erb |4 0 |6 428_000000000000000_STE_2013_2013 |7 0 |8 A |9 468925 |a BIBENE |b BIBENE |i 5168309 |o 428 STE 2013 2013 |p 5168309 |r 2025-01-15 |w 2019-11-23 |y BK |z Catalogado en:20150626 |k ILG | ||